| 000 | 00844nam a2200157Ia 4500 | ||
|---|---|---|---|
| 008 | 151213s9999 xx 000 0 und d | ||
| 100 | _aবাংলাদেশ বিশ্ববিদ্যালয় শিক্ষক সমিতি। | ||
| 245 |
_aউচ্চ শিক্ষা জাতীয় উন্নয়ণ। _cবাংলাদেশ বিশ্ববিদ্যালয় শিক্ষক সমিতি। |
||
| 250 | _a১ম সং | ||
| 260 |
_aঢাকা _bবাংলাদেশ বিশ্ববিদ্যালয় শিক্ষক সমিতি। _c1982 |
||
| 300 | _a4457 p. | ||
| 650 | _aBangla | ||
| 650 | _aগবেষণা গ্রন্ত | ||
| 700 | _aবাংলাদেশ বিশ্ববিদ্যালয় শিক্ষক সমিতি। | ||
| 999 |
_c2832 _d2832 |
||